| 000 | 01059cam a22002531i 4500 | ||
|---|---|---|---|
| 003 | SA-RiAUC | ||
| 005 | 20250613153005.0 | ||
| 008 | 250613s1988 ua g b 00000 ara c | ||
| 040 |
_aSA-JeALM _bara _cSA-RiAUC _erda |
||
| 082 | 0 | 4 |
_a234 _qSA-RiAUC |
| 090 |
_a234 _b ج م ا |
||
| 100 | 1 |
_aجمال الدين القاسمي، جمال الدين بن محمد سعيد بن قاسم، _d1283-1332 هجري _eمؤلف. |
|
| 245 | 1 | 2 |
_aالجرح والتعديل / _cجمال الدين القاسمي ؛ جمع وتحقيق محمد عبد الحكيم القاضي. |
| 264 | 1 |
_aالقاهرة : _bمون. _c1988 |
|
| 300 |
_a190 صفحة ؛ _c24 سم |
||
| 336 |
_aنص _btxt _2rdacontent _3كتاب |
||
| 337 |
_aبدون وسيط _bn _2rdamedia |
||
| 338 |
_aمجلد _bnc _2rdacarrier |
||
| 504 | _aببليوجرافية : صفحة 180-181. | ||
| 650 | 7 |
_aالحديث _xالجرح والتعديل _2aucsh |
|
| 700 | 1 |
_aالقاضي، محمد عبد الحكيم _eجامع. |
|
| 942 |
_2ddc _cBOOK _n0 |
||
| 949 |
_aSA-JeALM _d250613 _umohamedma123 _n1 |
||
| 999 |
_c8911 _d8911 |
||